[Event "Maringa op 4th"]
[White "Mileski, Lucas de Souza"]
[Black "Santos, Joao Gustavo Veriss"]
[Site "Maringa"]
[Round "1"]
[Result "0-1"]
[Date "2014.08.20"]
[WhiteElo "1800"]
[BlackElo "2050"]
[PlyCount "70"]
[EventDate "2014.08.20"]
[EventType "swiss"]
[EventRounds "9"]
[EventCountry "BRA"]
[SourceTitle "EXT 2015"]
[Source "ChessBase"]
[SourceDate "2014.11.20"]
[SourceVersion "1"]
[SourceVersionDate "2014.11.20"]
[SourceQuality "1"]

1. e4 c5 2. Nf3 d6 3. d4 cxd4 4. Nxd4 Nf6 5. Nc3 g6 6. f3 Bg7 7. Be3 0-0 8. Bc4 Nc6 9. Qd2 Bd7 10. 0-0-0 Rc8 11. Nxc6 Bxc6 12. Bh6 Bxe4 13. Bxf7+ Rxf7 14. fxe4 Bxh6 15. Qxh6 Rxc3 16. bxc3 Qa5 17. Qh3 Qa3+ 18. Kb1 Nxe4 19. Rd3 Rf5 20. c4 Qb4+ 21. Rb3 Nd2+ 22. Kc1 Nxb3+ 23. Qxb3 Qxb3 24. axb3 Rf2 25. g4 Kf7 26. Kb2 e5 27. Kc3 Ke6 28. h3 Rf3+ 29. Kd2 e4 30. Rh2 Ke5 31. h4 Kf4 32. Re2 e3+ 33. Kd3 Kxg4 34. Ke4 Rh3 35. Rg2+ Kxh4 0-1